000 00565nam a22001817a 4500
005 20251108173246.0
008 250721s2003 xx 000 0 ara d
082 1 4 _a370.15/ عبد
100 1 _aعبد الكريم، زينب
245 1 0 _aعلم النفس التربوي /
264 1 _aعمان :
_bدار أسامة للنشر والتوزيع،
_c2003.
300 _a215ص.
650 1 7 _aعلم النفس التربوي
650 1 7 _aالتوجيه التربوي
650 1 7 _aسيكولوجية التعليم
942 _2ddc
_cBK
999 _c99725
_d99725